书目信息 |
| 题名: |
世界油画静物精选
|
|
| 作者: | 周小英 编 | |
| 分册: | ||
| 出版信息: | 广州 岭南美术出版社 2002.12 |
|
| 页数: | 252页 | |
| 开本: | 29cm | |
| 丛书名: | ||
| 单 册: | ||
| 中图分类: | J233 | |
| 科图分类: | ||
| 主题词: | 油画--you hua--静物画--世界--画册 | |
| 电子资源: | ||
| ISBN: | 7-5362-1626-2 | |
| 000 | 00854nam0 2200253 450 | |
| 001 | 012008862966 | |
| 005 | 20080508104927.67 | |
| 010 | @a7-5362-1626-2@dCNY98.00 | |
| 100 | @a20080508d2002 em y0chiy0120 ea | |
| 101 | 0 | @achi |
| 102 | @aCN@b440000 | |
| 105 | @aa a 000yy | |
| 106 | @ar | |
| 200 | 1 | @a世界油画静物精选@Ashi jie you hua jing wu jing xuan@f周小英编@Fzhou xiao ying bian |
| 205 | @a第2版 | |
| 210 | @a广州@c岭南美术出版社@d2002.12 | |
| 215 | @a252页@c图@d29cm | |
| 320 | @a有书目 (第28-29页) | |
| 330 | @a本书分为文字和图版两大部分。图版部分大体按历史顺序排列,各个时期,各种风格,重要画家及其重要作品。书前介绍了西方静物画的历史、风格和画家等内容。 | |
| 606 | 0 | @a油画@Ayou hua@x静物画@y世界@j画册 |
| 690 | @aJ233@v4 | |
| 701 | 0 | @a周小英@Azhou xiao ying@4编 |
| 801 | 0 | @aCN@bQSSK@c20080508 |
| 905 | @b706073@dJ233@eZ808@f1 | |
| 世界油画静物精选/周小英编.-第2版.-广州:岭南美术出版社,2002.12 |
| 252页:图;29cm |
| ISBN 7-5362-1626-2:CNY98.00 |
| 本书分为文字和图版两大部分。图版部分大体按历史顺序排列,各个时期,各种风格,重要画家及其重要作品。书前介绍了西方静物画的历史、风格和画家等内容。 |
| ● |
| 相关链接 |
|
|
|
正题名:世界油画静物精选
索取号:J233/Z808
 
预约/预借
| 序号 | 登录号 | 条形码 | 馆藏地/架位号 | 状态 | 备注 |
| 1 | 706073 | 207060730 | 社科库309/309社科库 77排4列5层/ [索取号:J233/Z808] | 在馆 |